000 00637nam a2200217Ii 4500
001 16816
003 CO-ViMGA
008 241108s9999||||xx |||||||||||||| ||und||
020 _a9802931365
040 _aCO-ViMGA
_bspa
_erda
_cCO-ViMGA
041 0 _aspa
082 0 4 _a305.48 K14d
100 1 _aSandra S. Kahn
_952015
245 1 0 _aDe nuevo soltera :
_bcomo superar el sindrome de divorciada
264 1 _aCaracas, Venezuela : Grijalbo, 1991
300 _avolumen
336 _atext
_btxt
_2rdacontent
337 _aunmediated
_bn
_2rdamedia
338 _avolume
_bnc
_2rdacarrier
940 _aidficha_siabuc: 16485. -- ficha_no_siabuc:16816
999 _c46781
_d46781